00561 2200205 4500001002100000005001800021008004100039020002200080035002400102090001400126100002000140245004900160250001100209260004600220300002100266650002300287850001500310999001500325999001500340YOGYA-0211000000297820110208093354927 ind  a979-1-4031-5503-0 0010-021100000002978 a128 Hub S aHubbard, L. Ron aScientology Pandangan baru tentang kehidupan aCet. 1 aCaliforniabBridge Publication Inc.c2009 a369 hlm., 23 cm. aFilsafat kehidupan aYOPDYOG[B] a10A0040390 a10A0040389